| 000 | 00903nam a22002055i 4500 | ||
|---|---|---|---|
| 001 | 169761 | ||
| 003 | ES-MaACL | ||
| 005 | 20250807233533.0 | ||
| 008 | 081125s2001 sp |||| | spa d | ||
| 080 | _a569.9 | ||
| 100 | 0 |
_aGómez-Tabanera, José Manuel, _d1926-2011 _958165 |
|
| 245 | 1 | 4 |
_aLos fósiles de Sidrón (Piloña, Asturias) y la cuestión de la extinción de "Homo neanderthalensis" / _cJosé Manuel Gómez-Tabanera. |
| 260 |
_aOviedo : _bJ.M. Gómez-Tabanera, _c[2001] |
||
| 300 |
_a51 p. : _bil. ; _c21 cm. |
||
| 594 | _aEn la port.: XXVI Congreso Nacional de Arqueología, Zaragoza, 18-21 de abril de 2001; Institución "Fernando el Católico" y Universidad de Zaragoza. | ||
| 650 | 1 | 7 |
_aHombre de Neanderthal _2embne _9138951 |
| 711 | 2 |
_aCongreso Nacional de Arqueología ( _n26º. _d2001. _cZaragoza) _9138952 |
|
| 852 |
_aES-MaACL _j2238-F-20 _9R.144129 |
||
| 999 |
_c169761 _d169761 |
||